Statistics for World Capital Cities By Meaning Of Its Name - Part 2

Click here to take the quiz!

General Stats

  • This quiz has been taken 11 times
  • The average score is 6 of 26

Answer Stats

MeaningOrigin LanguageCapital City% Correct
The Red HeroMongolianUlaanbaatar
60%
The PeaceSpanishLa Paz
50%
ModernPersianTehran
40%
VictoryLatinVictoria
40%
New FlowerAmharicAddis Ababa
30%
Low LandFrenchBasseterre
30%
The City of PeaceHebrewJerusalem
30%
Heart of FireComorianMoroni
30%
Residence and LoveTonganNuku'alofa
30%
Under the Small HillMontenegrinPodgorica
30%
BeachPortuguese CreolePraia
30%
Stone CityUzbekTashkent
30%
City of SandalwoodLaoVientiane
30%
AnchorGreekAnkara
20%
Live in PeaceTigreAsmara
20%
MondayPersian/TajikDushanbe
20%
Between RiversVietnameseHanoi
20%
Meeting PlaceNgunnawalCanberra
10%
The Sticky TreeArabicDoha
10%
Little CastleCeltic/GermanicLuxembourg
10%
FordSlavicPrague
10%
GardensArabicRiyadh
10%
End of an Elephant's TrunkArabicKhartoum
0%
Big HouseSanskritMalé
0%
Place of Many FishCueva IndianPanama City
0%
Well FortifiedArabicSana'a
0%

Score Distribution

Percentile by Number Answered

Percent of People with Each Score

Your Score History

You have not taken this quiz